👴Devinez le pays à partir d’un proverbe local - Statistiques

Statistiques générales
  • Ce quiz a Ă©tĂ© pris 25 fois
  • Le rĂ©sultat moyen est 5 sur 15
Statistiques - réponses
Proverbe Continent Pays % Correct
La chute n’est pas un échec. L’échec, c’est de rester là où on est tombé. Asie Japon
91%
Il ne faut pas vendre la peau de l’ours avant de l’avoir tué. Europe France
87%
Le cœur ne meurt jamais. Amérique Mexique
74%
Un voyage de mille lieues commence toujours par un premier pas. Asie Chine
61%
Fais confiance mais vérifie. Europe Russie
39%
La patience est la clé du paradis. Afrique Maroc
30%
Dieu écrit droit avec des lignes courbes. Amérique Brésil
22%
Si tu fermes la porte à toutes les erreurs, la vérité restera dehors. Asie Inde
22%
Le pied va là où le cœur veut aller. Asie Iran
17%
Quand le jeu devient dur, les durs commencent Ă  jouer. Europe Italie
17%
Un chien dans la maison vaut mieux qu’un éléphant à la porte. Asie Thaïlande
17%
Il n’y a pas de mauvais temps, seulement de mauvais vêtements. Europe Norvège
13%
La rivière fait des détours, mais n'oublie jamais son chemin vers la mer. Afrique Sénégal
13%
La langue n’a pas d’os, mais elle casse les os. Europe Grèce
4%
Une seule main ne peut pas applaudir. Asie Turquie
4%
Aucun quiz correspondant
Distribution des résultats
% des personnes avec chaque résultat
Percentile par nombre de réponses
Votre historique - résultats
Vous n’avez pas pris ce quiz